Bernadette - All Lyrics - Statistics

General Stats
  • This quiz has been taken 11 times
  • The average score is 119 of 160
Answer Stats
Lyrics % Correct
a
100%
and
100%
are
100%
Bernadette
100%
I
100%
in
100%
me
100%
my
100%
no
100%
the
100%
to
100%
you
100%
day
80%
dream
80%
every
80%
have
80%
life
80%
love
80%
of
80%
on
80%
that
80%
we
80%
always
60%
answers
60%
becoming
60%
bring
60%
but
60%
celebrate
60%
change
60%
death
60%
door
60%
down
60%
emotions
60%
family
60%
for
60%
friends
60%
ghosts
60%
go
60%
history
60%
into
60%
joy
60%
key
60%
lead
60%
liberty
60%
living
60%
memories
60%
one
60%
or
60%
peace
60%
playhouse
60%
regret
60%
will
60%
winding
60%
all
40%
alone
40%
blame
40%
boys
40%
by
40%
erase
40%
face
40%
fortunes
40%
guns
40%
intolerance
40%
name
40%
need
40%
never
40%
nowhere
40%
our
40%
out
40%
overcome
40%
pass
40%
poison
40%
run
40%
time
40%
tuning
40%
veil
40%
waking
40%
with
40%
without
40%
No matching quizzes found
Score Distribution
Percent of People with Each Score
Percentile by Number Answered
Your Score History
You have not taken this quiz